000 00443nam a2200169Ia 4500
003 GCL
008 140319s9999 xx 000 0 ara d
040 _aGCL /
_cGCL
082 0 4 _a813.03
_bع ف
100 1 _aعبدالله الطوخى
245 1 0 _aفى ضوء القمر /
_cعبدالله الطوخى
300 _a159 ص
490 _a
650 0 4 _aالادب العربى
650 0 4 _aالقصص القصيرة
942 _2ddc
_cBK
999 _c38165
_d38165